1207 1864 1613 1255 1246 1904 1949 1726 1372 1317 1167 1616 1446 1290 1918 1283 1646 1288 1135 1392 1715 1063 1647 1962 1195 1798 1204 1757 1788 1826 1424 1830 1256 1327 1661 1773 1014 1039 1626 1681 1279 1182 1892 1133 1987 1385 1068 1480 1332 1716 1526 1369 1324 1203 1409 1771 1362 1172 1893 1934 1266 1289 1533 1660 1576 1860 1864 1644 1637 1137 1731 1736 1861 1347 1214 1633 1600 1817 1692 2000 1851 1370 1087 1902 1860 1771 1946 1684 1414 1560 1313 1110 1115 1047 1402 1074 1906 1968 1457 BCNSPRNW ULIB Ver.6.0+V

เปลี่ยนเป็นภาษาไทย

Change to English
 แสดงรายละเอียดบรรณานุกรม
  กลับหน้าหลัก

Brief Record : Get Marc (ISO 2709) : E-mail record : QR code < ปิดหน้าต่าง
LEADER : 00000nam 2200000uu 4500
001    13399113883
003     ULIB
008    120110s||||||||th 000 0 tha d
099    วจ.WY18.8^bพ188ส
100 0  พนมพร ยงทองมุก
245 00 สมรรถนะอาจารย์ตามการรับรู้ของนักศึกษาพยาบาล วิทยาลัยพยาบาลบรมราชชนนี สระบุรี/^cพนมพร ยงทองมุก
260    สระบุรี :^bวิทยาลัยพยาบาลบรมราชชนนี สระบุรี,^c2551
300    70 หน้า :^bตาราง
500    รายงานการวิจัย
650  7 อาจารย์พยาบาล^xสมรรถนะ^xวิจัย
710 1  วิทยาลัยพยาบาลบรมราชชนนี สระบุรี
945    ^p0^l0^i030943
995    ทศพร
999 ^a ทศพร
รายการนี้ยังไม่มีแท็ก
คุณยังไม่ได้ล็อกอิน คุณสามารถมีกิจกรรมร่วมกับเว็บไซต์ได้ แต่ต้องล็อกอินก่อน ::
  ล็อกอิน

รายการสื่อสารสนเทศ

ลำดับที่ ประเภท เลขเรียก/บาร์โค้ด สถานที่ สถานะ
1. งานวิจัย
งานวิจัย
วจ.WY18.8 พ188ส ฉ.1 
  Barcode: 030943
ห้องสมุดวิทยาเขตสวรรค์ประชารักษ์
►วิจัย
บนชั้น

BibComment


ยังไม่เคยถูกคอมเมนท์

คอมเมนท์ทรัพยากรรายการนี้
  คอมเมนท์: สมรรถนะอาจารย์ตาม..


 Copyright 2026. Bcnsprnw @Library